00223nam a2200097 a 4500001000500000005001700005008004100022050002400063245001600087440002200103414420140414131935.0090317s19uu xx 00 eng d aREF 591.9bC81 2006 aCoral reef. aWhat can eye see?